Líhovarství, drožďárství a vinářství 2. část
Saved in:
| Main Authors: | , , |
|---|---|
| Format: | Book |
| Language: | Czech |
| Published: |
Praha
Státní pedagogické nakladatelství
1987
|
| Edition: | 1. vyd. |
| Subjects: | |
| Online Access: | View in OPAC |
| Tags: |
No Tags, Be the first to tag this record!
|
MARC
| LEADER | 00000nam a22000001i 4500 | ||
|---|---|---|---|
| 005 | 20260127133925.0 | ||
| 008 | 091002s1987 CZ r 000 cze d | ||
| 020 | |c 26,-Kčs (za 2 zv.) | ||
| 035 | |a vtls009956059 | ||
| 039 | 9 | |y 200910021000 |z mschk03 | |
| 040 | |a SVKBB |b slo |c SVKBB |d STUSCHK1 |e AACR2 | ||
| 041 | 0 | |a cze | |
| 080 | |a 663.1(075) | ||
| 100 | 1 | |a Rychtera, Mojmír. | |
| 245 | 0 | 0 | |a Líhovarství, drožďárství a vinářství |n 2. část |c Mojmír Rychter, Jiří Uher, Jan Páca |
| 250 | |a 1. vyd. | ||
| 260 | |a Praha |b Státní pedagogické nakladatelství |c 1987 | ||
| 300 | |a 127-398 s. |b Obr. | ||
| 650 | 0 | 7 | |a mikrobiológia technická |v učebnice vysokoškolské. |2 hŠVKBB |
| 700 | 1 | |a Uher, Jiří. |e aut. | |
| 700 | 1 | |a Páca, Jan, |e aut. | |
| 910 | |a SCHK95 | ||
| 973 | |a m 490612*D | ||
| 998 | |a 3 | ||
| 999 | |c 130 |d 130 | ||
| 942 | 0 | 0 | |0 1 |